000 00378pab a2200145 454500
008 180718b1999 xxu||||| |||| 00| 0 eng d
100 _aJacques, Roy
245 _aDeveloping a tactical approach to engaging with `strategic' HRM
260 _c1999
300 _ap.199-222
362 _aMay
650 _aHuman resources development
773 _aOrganization
909 _a41675
999 _c41675
_d41675